|
|
|
|
| LEADER |
00000nas a2200000 a 4500 |
| 001 |
ssj0001072126 |
| 003 |
WaSeSS |
| 005 |
20200512172242.0 |
| 006 |
m d |
| 007 |
cr n |
| 008 |
961029c19uu9999nyuqx s 0 a0eng c |
| 010 |
|
|
|a 98643414
|z sn 96018017
|
| 022 |
|
|
|l 1098-3376
|y 1098-3376
|
| 035 |
|
|
|a (WaSeSS)ssj0001072126
|
| 040 |
|
|
|a CLU
|b eng
|c CLU
|d NSD
|d DLC
|d WAU
|d DLC
|d NSD
|d OCLCQ
|d DLC
|d IUL
|d TJC
|d IUL
|d OCLCQ
|d UV0
|d OCLCF
|d RBN
|d ZCU
|d COO
|d S3O
|d ZR1
|d QE2
|d OCLCQ
|d CSJ
|d GILDS
|d OCLCO
|d OCLCQ
|d WAU
|d CPO
|d ZQP
|d OCLCO
|d HTM
|d OCLCQ
|d OCLCO
|d WaSeSS
|
| 042 |
|
|
|a pcc
|a nsdp
|
| 050 |
0 |
0 |
|a NX645
|b .B66
|
| 082 |
1 |
0 |
|a 028
|2 13
|
| 210 |
0 |
|
|a Bookforum - Artforum
|
| 222 |
|
0 |
|a Bookforum - Artforum
|
| 245 |
0 |
0 |
|a Bookforum
|h [electronic resource] :
|b the book review for art and culture.
|
| 246 |
3 |
0 |
|a Book forum
|
| 260 |
|
|
|a New York, NY :
|b Artforum
|
| 310 |
|
|
|a 5 issues yearly,
|b <Apr./May 2005->
|
| 321 |
|
|
|a Semiannual,
|b <1996>
|
| 321 |
|
|
|a Quarterly,
|b summer 1997-<2004>
|
| 321 |
|
|
|a Bimonthly,
|b <2004->
|
| 500 |
|
|
|a Subtitle varies.
|
| 506 |
|
|
|a License restrictions may limit access.
|
| 515 |
|
|
|a Issues for <Apr./May 2008-> also called: <v. 15, no. 1->
|
| 525 |
|
|
|a Supplements accompany some issues.
|
| 580 |
|
|
|a Issues as a supplement to: Artforum international, <1996>
|
| 588 |
|
|
|a Description based on: Summer 1996; title from cover.
|
| 588 |
|
|
|a Latest issue consulted: Vol. 24, no. 5 (Feb./Mar. 2018).
|
| 650 |
|
0 |
|a Arts
|v Book reviews
|v Periodicals.
|
| 650 |
|
7 |
|a Arts.
|2 fast
|0 (OCoLC)fst00817721
|
| 650 |
|
7 |
|a Bokrecensioner
|z Förenta staterna.
|2 sao
|
| 650 |
|
7 |
|a Konst
|v bokrecensioner
|v periodika.
|2 sao
|
| 655 |
|
0 |
|a Electronic journals.
|
| 772 |
1 |
|
|t Artforum international
|x 1086-7058
|w (DLC) 95647417
|w (OCoLC)20458258
|
| 850 |
|
|
|a CLU
|a DLC
|a WaU
|
| 853 |
2 |
0 |
|8 1
|a v.
|b no.
|u 5
|v r
|i (year)
|j (month)
|w 5
|x 04/05
|y pm09/10/11,12/01,02/03,04/05,06/07/08
|
| 856 |
4 |
0 |
|z Full text available from Research Library: 12/01/2006 to present
|u https://search.proquest.com/publication/2049120
|
| 863 |
4 |
1 |
|8 1.1
|a <15>
|b <1>
|i <2008>
|j <04/05>
|